Welcome to WEB OPAC of MRSPTU Central Library

Energy Efficient Clustering Algorithm for Wireless Sensor Network Using Type-2 Fuzzy Logic (Record no. 10669)

MARC details
000 -LEADER
fixed length control field 00546nam a22001697a 4500
003 - CONTROL NUMBER IDENTIFIER
control field OSt
005 - DATE AND TIME OF LATEST TRANSACTION
control field 20260116151318.0
008 - FIXED-LENGTH DATA ELEMENTS--GENERAL INFORMATION
fixed length control field 260116b |||||||| |||| 00| 0 eng d
040 ## - CATALOGING SOURCE
Transcribing agency MRSPTUE
041 ## - LANGUAGE CODE
Language code of text/sound track or separate title ENG
100 ## - MAIN ENTRY--PERSONAL NAME
Personal name Manoj Kumar, Supervisor: Dr. Abhilasha
245 ## - TITLE STATEMENT
Title Energy Efficient Clustering Algorithm for Wireless Sensor Network Using Type-2 Fuzzy Logic
260 ## - PUBLICATION, DISTRIBUTION, ETC.
Name of publisher, distributor, etc. Department of CSE, MRSPTU, Bathinda
Date of publication, distribution, etc. 2019
651 ## - SUBJECT ADDED ENTRY--GEOGRAPHIC NAME
Geographic name Computer Science
856 ## - ELECTRONIC LOCATION AND ACCESS
Uniform Resource Identifier <a href="http://163.47.215.52:8080/jspui/handle/123456789/248">http://163.47.215.52:8080/jspui/handle/123456789/248</a>
942 ## - ADDED ENTRY ELEMENTS (KOHA)
Source of classification or shelving scheme Dewey Decimal Classification
Koha item type Theses & Dissertations
Suppress in OPAC No
Holdings
Withdrawn status Lost status Source of classification or shelving scheme Damaged status Not for loan Home library Current library Date acquired Total checkouts Full call number Barcode Date last seen Price effective from Koha item type
    Dewey Decimal Classification     MRSPTU Central Library MRSPTU Central Library 01/16/2026   006.1 MA-E TH488 01/16/2026 01/16/2026 Theses & Dissertations

Website Designed and Developed by MRSPTU Central Library Team

E-mail Id: librarian@mrsptu.ac.in